000 00378cam a2200157ua 4500
003 OSt
008 231202b |||||||| |||| 00| 0 eng d
041 _aeng
082 _a028.70335
_bFIN/KE
245 _aKerala account code /
250 _a2 /
260 _a :
_bFinance department Government of Kerala ,
_c1962.
300 _a108 ; .
500 _a**Reference
942 _cBK
999 _c2909
_d2909